Equipos de futbol europeos-MUERTE SUBITA - Estadísticas

Estadísticas generales
  • Esta prueba ha sido intentada 678 veces
  • La puntuación promedio es 13 de 15
Answers on the Grid
Answers color-coded by a green-red scale on the quiz's grid according to % correct below.
Real Madrid
Barcelona
Celta de Vigo
PSG
Chelsea
Liverpool
Juventus
Milan
Inter de Milan
Famalicão
Real Betis
Sevilla
Brighton
Ajax
Sporting de Portugal
Independiente
Gremio
Club America
River Plate
Boca Juniors
Al Nassr
LA Galaxy
Palmeiras
Santos
Cruzeiro
Fluminense
Boston FC
New York FC
Sinaloa FC
Chivas
 
Estadísticas de respuestas
Respuesta % Correcto
Real Madrid
94%
Ajax
93%
Barcelona
93%
Juventus
93%
Milan
93%
Sevilla
93%
Sporting de Portugal
93%
Chelsea
92%
Liverpool
92%
Celta de Vigo
91%
Inter de Milan
91%
PSG
91%
Real Betis
91%
Brighton
89%
Famalicão
42%
No se encontraron pruebas coincidentes
Distribución de puntuación
Porcentaje de gente con cada puntuación
Porcentaje por número respondido
Historial de tus puntuaciones
No has intentado esta prueba.